Giáo trình cây chè : Dùng trong các trường đại học nông nghiệp /

সংরক্ষণ করুন:
গ্রন্থ-পঞ্জীর বিবরন
সংস্থা লেখক: Bộ Nông nghiệp.
বিন্যাস: Sách giấy
ভাষা:Vietnamese
প্রকাশিত: Hà Nội : Nông nghiệp, 1979.
বিষয়গুলি:
ট্যাগগুলো: ট্যাগ যুক্ত করুন
কোনো ট্যাগ নেই, প্রথমজন হিসাবে ট্যাগ করুন!
Thư viện lưu trữ: Thư viện Trường Đại học Đà Lạt
LEADER 00732nam a2200277 4500
001 DLU020002000
005 ##19991203
040 # # |a DLU  |b vie 
041 # # |a vie 
044 # # |a vn 
082 # # |a 633.720 77  |b BON 
110 # # |a Bộ Nông nghiệp. 
245 # # |a Giáo trình cây chè :  |b Dùng trong các trường đại học nông nghiệp /  |c Bộ Nông nghiệp. 
260 # # |a Hà Nội :  |b Nông nghiệp,  |c 1979. 
300 # # |a 89 tr. ;  |c 24 cm. 
650 # # |a Trà  |x Sinh thái học  |z Việt Nam. 
650 # # |a Trà  |x Trồng  |z Việt Nam. 
992 # # |a 504 
994 # # |a DLU 
900 # # |a False 
911 # # |a Administrator 
925 # # |a G 
926 # # |a A 
927 # # |a SH 
980 # # |a Thư viện Trường Đại học Đà Lạt